banner-ar

الارصاد الجوية لرواد الفضاء / (Record no. 45246)

MARC details
000 -الفاتح
حقل البيانات ثابتة الطول 00675nam a2200217Ia 4500
008 - عناصر البيانات ثابتة الطول - معلومات عامة
حقل البيانات ثابتة الطول 140319s9999 xx 000 0 ara d
040 ## - مصدر الفهرسة
وكالة الفهرسة الأصلية GCL /
وكالة النسخ GCL
082 04 - رقم تصنيف ديوى العشرى
رقم التصنيف 551.5
رقم المادة ب ا
100 1# - المدخل الرئيسى - إسم شخصى
الإسم الشخصى برجس، س0ر
245 10 - بيان العنوان
العنوان الارصاد الجوية لرواد الفضاء /
بيان المسئوليه,etc برجس، س0ر
700 1# - المدخل الاضافى - اسم شخصى
الإسم الشخصى ميشيل ذكى رزق الله
700 1# - المدخل الاضافى - اسم شخصى
الإسم الشخصى محمد جمال الدين الفندى (مراجع)
300 ## - الوصف المادى
التعداد 469 ص
490 ## - بيان السلسلة
عنوان السلسلة الالف كتاب
رقم المجلد/ التعيين التسلسلي 0
650 04 - المدخل الاضافى بالموضوع-مصطلح موضوعى
مصطلح موضوعي البحار والمحيطات
650 04 - المدخل الاضافى بالموضوع-مصطلح موضوعى
مصطلح موضوعي الطقس
650 04 - المدخل الاضافى بالموضوع-مصطلح موضوعى
مصطلح موضوعي الارصاد الجوية
650 04 - المدخل الاضافى بالموضوع-مصطلح موضوعى
مصطلح موضوعي التنبؤات الجوية
942 ## - عناصر المدخل الإضافي( كوها)
مصدر التصنيف او مخطط الترفيف Dewey Decimal Classification
Koha [default] item type كتاب
Holdings
حالة التراجع حالة الفقد حالة تلف ليس للاعارة المكان المؤقت الموقع الحالى تاريخ الاكتساب اجمالي اﻻعارات رقم الطلب الباركود تاريخ اخر مشاهدة تاريخ تفعيل السعر نوع وعاء كوها
        مكتبة القاهرة الكبرى مكتبة القاهرة الكبرى 03/26/2014   551.5\ب ا 110388 03/26/2014 03/26/2014 كتاب

Powered By

EGPV